000 00803nam a2200253Ia 4500
003 OSt
005 20220912150902.0
006 a|||||r|||| 00| 0
007 ta
008 220909b |||||||| |||| 00| 0 eng d
024 _a30830
037 _cTextual
040 _aCSL
_beng
_cCSL
041 _aeng
082 _aB23:1p1,N69, L0
100 _aRabinowitz Philip Ed.
111 _aInternational conference on numerical methods for nonlinear algebraic equations (1969 : University of Essex)
245 0 _aProceeding on numerical methods for nonlinear algebraic equations
260 _aLondon
_bGordon and Breach
_c1970
300 _axi,199p.
_ccm.
650 _aEquation theory
942 _hB23:1p1,N69, L0
_cTEXL
_2CC
999 _c56864
_d56864